000 00650nam a2200253 a 4500
999 _c6938
_d6938
001 6938
003 BD-JhCC
005 20180208181720.0
008 180201s1984 u a|||| || | 001 0 eng d
020 _a0673141454
035 _a(BD-JhCC)6938
040 _aBD-JhCC
_dBD-JhCC
041 _aeng
082 _a418
_bBEE 1984
245 _aLanguage :
_bSkills and Use /
_cLinda Ward Beech,
250 _a2nd ed.
260 _aNew Jersey :
_bScott, Foresman and Company,
_c1984.
300 _a384 p. :
_bill. ;
_c24 cm.
504 _aIncludes Index
650 _aLanguage, English
700 _aCramer, Ronald
942 _2ddc
_cBK